[Event "Moscow Open A,B"]
[Site "?"]
[Date "2017.01.28"]
[Round "1.16"]
[White "Belova, Olga"]
[Black "Goryachkina, Aleksandra"]
[Result "0-1"]
[BlackElo "2466"]
[WhiteElo "2035"]
[LiveChessVersion "1.4.8"]

1. d4 {[%clk 1:30:57]} f5 {[%clk 1:30:03]} 2. Nc3 {[%clk 1:31:09]} Nf6
{[%clk 1:30:06]} 3. Bg5 {[%clk 1:31:29]} d5 4. e3 e6 5. Nf3 {[%clk 1:26:16]} Be7
{[%clk 1:23:23]} 6. Qd2 {[%clk 1:26:08]} O-O {[%clk 1:21:00]} 7. O-O-O
{[%clk 1:16:51]} c5 {[%clk 1:16:22]} 8. Ne5 {[%clk 1:13:01]} c4 {[%clk 1:11:32]}
9. f3 {[%clk 1:06:38]} b5 {[%clk 1:05:28]} 10. Nxb5 {[%clk 0:38:16]} Qb6
{[%clk 1:01:34]} 11. Na3 {[%clk 0:37:45]} Nbd7 {[%clk 1:01:34]} 12. Nb1
{[%clk 0:33:49]} Nxe5 {[%clk 0:58:34]} 13. Bxf6 {[%clk 0:27:51]} Bxf6
{[%clk 0:58:42]} 14. dxe5 {[%clk 0:28:14]} Bxe5 {[%clk 0:59:07]} 15. c3
{[%clk 0:28:00]} f4 {[%clk 0:57:44]} 16. e4 {[%clk 0:26:28]} Bb7 {[%clk 0:57:11]}
17. Qc2 {[%clk 0:11:07]} Rac8 18. Nd2 {[%clk 0:03:38]} Ba6 {[%clk 0:49:32]} 19.
g3 {[%clk 0:03:15]} d4 {[%clk 0:48:49]} 20. Bh3 {[%clk 0:01:21]} d3
{[%clk 0:47:09]} 21. Qa4 {[%clk 0:01:26]} Rb8 {[%clk 0:45:43]} 22. Qa3
{[%clk 0:01:23]} Rfe8 {[%clk 0:45:16]} 23. Rhg1 {[%clk 0:00:53]} Bd6
{[%clk 0:44:44]} 24. b4 {[%clk 0:00:48]} cxb3 {[%clk 0:44:51]} 25. Qxb3
{[%clk 0:01:11]} Qc7 {[%clk 0:44:38]} 0-1

[Event "Moscow Open A,B"]
[Site "?"]
[Date "2017.01.28"]
[Round "1.17"]
[White "Bodnaruk, Anastasia"]
[Black "Sergeeva, Natalia"]
[Result "1-0"]
[BlackElo "2027"]
[WhiteElo "2463"]
[LiveChessVersion "1.4.8"]

1. e4 {[%clk 1:30:58]} c6 {[%clk 1:30:52]} 2. d4 {[%clk 1:31:20]} d5
{[%clk 1:31:11]} 3. e5 {[%clk 1:31:36]} Bf5 {[%clk 1:31:08]} 4. Nf3
{[%clk 1:31:57]} e6 {[%clk 1:31:08]} 5. Be2 {[%clk 1:32:19]} Nd7 {[%clk 1:30:31]}
6. O-O {[%clk 1:32:38]} h6 7. Nbd2 {[%clk 1:31:47]} Ne7 {[%clk 1:28:49]} 8. Nb3
g5 {[%clk 1:27:52]} 9. Ne1 {[%clk 1:30:24]} Qc7 {[%clk 1:26:45]} 10. Nd3
{[%clk 1:14:26]} b6 {[%clk 1:24:32]} 11. Be3 {[%clk 1:12:10]} Ng6
{[%clk 1:14:55]} 12. Rc1 {[%clk 1:04:14]} Be7 {[%clk 0:52:43]} 13. c4
{[%clk 0:59:40]} Qd8 {[%clk 0:50:19]} 14. cxd5 {[%clk 0:43:20]} cxd5
{[%clk 0:50:13]} 15. Ne1 {[%clk 0:41:36]} Nf4 {[%clk 0:46:06]} 16. Bxf4
{[%clk 0:40:30]} gxf4 {[%clk 0:46:31]} 17. Bd3 {[%clk 0:40:25]} Nf8 18. Bxf5
{[%clk 0:29:56]} exf5 {[%clk 0:30:42]} 19. Qh5 {[%clk 0:30:04]} Qd7
{[%clk 0:25:48]} 20. Nd3 {[%clk 0:29:23]} Ng6 {[%clk 0:21:47]} 21. Rfe1
{[%clk 0:27:48]} Qe6 {[%clk 0:18:43]} 22. Rc7 {[%clk 0:27:38]} Bd8
{[%clk 0:14:28]} 23. Nbc5 {[%clk 0:20:43]} bxc5 {[%clk 0:14:44]} 24. Nxc5
{[%clk 0:21:12]} Qb6 {[%clk 0:13:41]} 25. Rb7 {[%clk 0:21:40]} Qa5
{[%clk 0:10:43]} 26. b4 {[%clk 0:21:44]} Qxa2 27. e6 {[%clk 0:20:17]} O-O
{[%clk 0:09:18]} 28. exf7+ {[%clk 0:18:18]} Kh7 {[%clk 0:07:43]} 29. Ne6
{[%clk 0:17:50]} Bh4 {[%clk 0:05:01]} 30. g3 {[%clk 0:16:47]} fxg3
{[%clk 0:04:07]} 31. hxg3 {[%clk 0:17:06]} Qa6 {[%clk 0:03:50]} 32. Rd7
{[%clk 0:13:05]} Bg5 {[%clk 0:02:14]} 33. Nxg5+ {[%clk 0:13:09]} Kg7
{[%clk 0:02:27]} 34. Re6 {[%clk 0:12:16]} 1-0

[Event "Moscow Open A,B"]
[Site "?"]
[Date "2017.01.28"]
[Round "1.18"]
[White "Sakorenko, Adriana"]
[Black "Galliamova, Alisa"]
[Result "0-1"]
[BlackElo "2446"]
[WhiteElo "2022"]
[LiveChessVersion "1.4.8"]

1. e4 {[%clk 1:30:58]} c5 {[%clk 1:30:53]} 2. Nf3 {[%clk 1:31:24]} d6
{[%clk 1:31:13]} 3. Bb5+ {[%clk 1:31:40]} Nd7 {[%clk 1:30:50]} 4. O-O
{[%clk 1:31:35]} Ngf6 {[%clk 1:30:58]} 5. Re1 {[%clk 1:30:29]} a6
{[%clk 1:27:39]} 6. Bf1 {[%clk 1:29:15]} e5 {[%clk 1:16:37]} 7. c3
{[%clk 1:26:48]} Be7 {[%clk 1:16:49]} 8. d4 {[%clk 1:25:45]} O-O {[%clk 1:16:55]}
9. d5 {[%clk 1:15:48]} Ne8 {[%clk 1:09:33]} 10. Bd3 {[%clk 1:08:51]} g6
{[%clk 1:07:23]} 11. Bh6 {[%clk 0:58:48]} Ng7 {[%clk 1:07:47]} 12. Qc2
{[%clk 0:59:15]} Nf6 {[%clk 1:06:20]} 13. c4 {[%clk 0:52:38]} Ng4
{[%clk 1:05:41]} 14. Bd2 {[%clk 0:39:53]} f5 {[%clk 1:04:17]} 15. Nc3
{[%clk 0:39:24]} Bd7 {[%clk 0:44:16]} 16. h3 {[%clk 0:36:25]} Nf6
{[%clk 0:44:23]} 17. Bh6 {[%clk 0:33:25]} Nfh5 {[%clk 0:43:42]} 18. Qd2 fxe4
{[%clk 0:38:26]} 19. Bxe4 {[%clk 0:29:11]} b5 {[%clk 0:37:19]} 20. b3
{[%clk 0:19:20]} Rb8 21. Rab1 {[%clk 0:14:50]} Rf6 {[%clk 0:16:20]} 22. Ne2
{[%clk 0:09:17]} Rf7 {[%clk 0:09:10]} 23. Ng5 {[%clk 0:05:55]} Bxg5
{[%clk 0:09:33]} 24. Qxg5 {[%clk 0:04:31]} Qa5 {[%clk 0:03:17]} 25. Qe3
{[%clk 0:01:31]} Nf5 {[%clk 0:01:33]} 26. Bxf5 {[%clk 0:01:09]} Bxf5
{[%clk 0:01:56]} 27. Ra1 {[%clk 0:01:26]} Nf6 {[%clk 0:00:58]} 28. Ng3
{[%clk 0:01:13]} Nd7 {[%clk 0:00:41]} 29. Nxf5 {[%clk 0:00:43]} Rxf5
{[%clk 0:01:05]} 30. f4 {[%clk 0:00:44]} bxc4 {[%clk 0:00:59]} 31. bxc4
{[%clk 0:00:41]} Rb2 {[%clk 0:00:56]} 32. Re2 {[%clk 0:00:43]} Qb4
{[%clk 0:00:58]} 33. a3 {[%clk 0:00:37]} Qb3 {[%clk 0:01:00]} 34. Qxb3
{[%clk 0:00:44]} Rxb3 {[%clk 0:01:26]} 35. fxe5 {[%clk 0:00:36]} Nxe5
{[%clk 0:01:35]} 36. Rc2 {[%clk 0:00:38]} Kf7 {[%clk 0:01:28]} 37. Bd2
{[%clk 0:00:45]} h5 {[%clk 0:01:26]} 38. a4 {[%clk 0:00:54]} Ke7 {[%clk 0:01:25]}
39. Rf1 {[%clk 0:00:38]} Rxf1+ {[%clk 0:00:58]} 40. Kxf1 {[%clk 0:01:07]} Ra3
{[%clk 0:00:43]} 41. Bf4 {[%clk 0:26:31]} Rxa4 {[%clk 0:13:42]} 42. Bxe5
{[%clk 0:26:31]} dxe5 {[%clk 0:14:08]} 43. Ke2 {[%clk 0:25:56]} a5
{[%clk 0:13:09]} 44. Kd3 {[%clk 0:25:01]} Rb4 {[%clk 0:11:18]} 45. Ra2
{[%clk 0:21:20]} a4 {[%clk 0:11:28]} 46. Ra3 {[%clk 0:18:10]} Kf6
{[%clk 0:09:11]} 47. Ra2 {[%clk 0:16:30]} e4+ {[%clk 0:08:53]} 48. Kxe4
{[%clk 0:16:00]} Rxc4+ {[%clk 0:09:16]} 49. Kd3 {[%clk 0:16:24]} Rd4+
{[%clk 0:08:57]} 50. Kc3 {[%clk 0:16:18]} Ke5 {[%clk 0:09:04]} 51. Kxd4+ 0-1

[Event "Moscow Open A,B"]
[Site "?"]
[Date "2017.01.28"]
[Round "1.19"]
[White "Kashlinskaya, Alina"]
[Black "Grebennikova, Tatyana"]
[Result "1-0"]
[BlackElo "2017"]
[WhiteElo "2418"]
[LiveChessVersion "1.4.8"]

1. e4 {[%clk 1:30:57]} d5 {[%clk 1:30:49]} 2. exd5 Qxd5 {[%clk 1:31:14]} 3. Nc3
{[%clk 1:31:44]} Qd6 {[%clk 1:31:40]} 4. d4 {[%clk 1:32:05]} c6 {[%clk 1:32:01]}
5. Nf3 {[%clk 1:32:27]} Nf6 {[%clk 1:32:24]} 6. Ne5 {[%clk 1:32:34]} Bf5 7. g4
Be6 {[%clk 1:23:53]} 8. g5 {[%clk 1:28:19]} Nd5 {[%clk 1:16:20]} 9. Ne4
{[%clk 1:26:25]} Qc7 {[%clk 1:08:10]} 10. c4 {[%clk 1:22:45]} Nb6
{[%clk 1:06:06]} 11. Qf3 {[%clk 1:18:01]} N8d7 {[%clk 1:01:47]} 12. Bf4
{[%clk 1:17:41]} Nxe5 {[%clk 1:01:11]} 13. Bxe5 {[%clk 1:18:02]} Qc8
{[%clk 0:59:54]} 14. Qc3 {[%clk 1:15:00]} Bf5 {[%clk 0:57:33]} 15. Ng3
{[%clk 1:13:02]} f6 {[%clk 0:46:32]} 16. Bf4 {[%clk 1:10:36]} Qe6+
{[%clk 0:41:05]} 17. Be2 {[%clk 1:09:12]} Bg4 {[%clk 0:33:07]} 18. f3
{[%clk 1:07:38]} Bf5 {[%clk 0:31:50]} 19. O-O-O {[%clk 1:06:17]} fxg5
{[%clk 0:29:43]} 20. Bxg5 {[%clk 1:02:26]} h6 {[%clk 0:25:28]} 21. Bf4
{[%clk 1:00:41]} Qf7 {[%clk 0:25:20]} 22. Nxf5 {[%clk 0:57:10]} Qxf5
{[%clk 0:25:43]} 23. Be5 {[%clk 0:56:18]} Nd7 {[%clk 0:21:23]} 24. Bd3
{[%clk 0:55:58]} Qe6 {[%clk 0:17:01]} 25. Qc2 O-O-O {[%clk 0:14:22]} 26. Bf5
{[%clk 0:54:50]} Qf7 {[%clk 0:14:30]} 27. d5 {[%clk 0:55:00]} c5 {[%clk 0:13:03]}
28. f4 {[%clk 0:54:44]} h5 {[%clk 0:11:42]} 29. Be6 {[%clk 0:54:47]} Qe8
{[%clk 0:11:25]} 30. Qa4 {[%clk 0:55:05]} Rh6 {[%clk 0:11:25]} 31. Qxa7
{[%clk 0:55:10]} 1-0

[Event "Moscow Open A,B"]
[Site "?"]
[Date "2017.01.28"]
[Round "1.20"]
[White "Shafigullina, Zarina"]
[Black "Nechaeva, Marina"]
[Result "1/2-1/2"]
[BlackElo "2406"]
[WhiteElo "2007"]
[LiveChessVersion "1.4.8"]

1. d4 {[%clk 1:30:56]} d5 {[%clk 1:30:53]} 2. Nf3 {[%clk 1:31:18]} Nf6
{[%clk 1:31:18]} 3. c4 {[%clk 1:31:44]} c6 {[%clk 1:31:45]} 4. g3
{[%clk 1:32:06]} Bf5 {[%clk 1:31:55]} 5. Bg2 {[%clk 1:31:29]} e6 {[%clk 1:32:20]}
6. Nc3 {[%clk 1:31:45]} h6 {[%clk 1:32:37]} 7. O-O {[%clk 1:31:46]} Nbd7
{[%clk 1:33:03]} 8. cxd5 {[%clk 1:30:50]} exd5 {[%clk 1:33:50]} 9. Bf4
{[%clk 1:30:03]} Be7 10. h3 {[%clk 1:27:06]} O-O {[%clk 1:34:06]} 11. g4
{[%clk 1:24:39]} Bh7 {[%clk 1:26:41]} 12. Ne1 {[%clk 1:15:50]} Qb6
{[%clk 1:16:02]} 13. Qd2 {[%clk 1:10:49]} Ne4 {[%clk 1:10:35]} 14. Qe3
{[%clk 1:01:28]} Qxb2 {[%clk 1:01:35]} 15. Bxe4 {[%clk 1:01:52]} Bxe4
{[%clk 1:00:00]} 16. Nxe4 {[%clk 0:47:41]} dxe4 {[%clk 0:51:40]} 17. Ng2
{[%clk 0:46:17]} Nf6 {[%clk 0:27:27]} 18. Rfb1 {[%clk 0:42:47]} Qc2 19. Rxb7
{[%clk 0:36:34]} Nd5 {[%clk 0:28:07]} 20. Qd2 {[%clk 0:36:34]} Qa4
{[%clk 0:28:09]} 21. Rab1 {[%clk 0:32:19]} a5 22. R1b3 {[%clk 0:27:32]} Rfe8
{[%clk 0:17:55]} 23. Qb2 {[%clk 0:24:04]} Bf6 {[%clk 0:14:50]} 24. Be5
{[%clk 0:19:07]} Bxe5 {[%clk 0:13:10]} 25. dxe5 {[%clk 0:19:33]} c5
{[%clk 0:11:24]} 26. Ne3 {[%clk 0:16:32]} Nf4 {[%clk 0:07:54]} 27. Nf5
{[%clk 0:11:44]} c4 {[%clk 0:03:45]} 28. e6 {[%clk 0:09:43]} Nxe6
{[%clk 0:03:33]} 29. R3b6 {[%clk 0:09:54]} Qd1+ {[%clk 0:02:06]} 30. Kh2
{[%clk 0:10:15]} c3 {[%clk 0:01:11]} 31. Qxc3 {[%clk 0:10:17]} Qxe2
{[%clk 0:00:53]} 32. Rxe6 {[%clk 0:10:07]} Qxf2+ {[%clk 0:01:19]} 33. Kh1
{[%clk 0:10:20]} Qf1+ {[%clk 0:01:08]} 34. Kh2 {[%clk 0:10:44]} Qf2+
{[%clk 0:01:23]} 35. Kh1 {[%clk 0:11:10]} Qf1+ {[%clk 0:01:20]} 36. Kh2
{[%clk 0:11:35]} Qf2+ {[%clk 0:01:46]} 37. Kh1 {[%clk 0:11:47]} Qf1+
{[%clk 0:02:12]} 38. Kh2 {[%clk 0:12:05]} Qf2+ {[%clk 0:02:40]} 39. Kh1
{[%clk 0:12:32]} Qf1+ {[%clk 0:03:08]} 40. Kh2 {[%clk 0:42:56]} Qf2+
{[%clk 0:33:37]} 1/2-1/2

[Event "Moscow Open A,B"]
[Site "?"]
[Date "2017.01.29"]
[Round "2.16"]
[White "Goryachkina, Aleksandra"]
[Black "Smirnova, Ekaterina"]
[Result "1-0"]
[BlackElo "2162"]
[WhiteElo "2466"]
[LiveChessVersion "1.4.8"]

1. c4 {[%clk 1:30:47]} c6 {[%clk 1:30:54]} 2. Nf3 {[%clk 1:30:51]} Nf6
{[%clk 1:31:09]} 3. Nc3 {[%clk 1:30:47]} d5 {[%clk 1:31:03]} 4. e3
{[%clk 1:30:57]} a6 {[%clk 1:28:38]} 5. d4 {[%clk 1:29:06]} b5 {[%clk 1:28:46]}
6. b3 {[%clk 1:29:07]} Bg4 {[%clk 1:29:11]} 7. Be2 {[%clk 1:28:52]} e6
{[%clk 1:29:35]} 8. O-O {[%clk 1:28:41]} Nbd7 {[%clk 1:28:52]} 9. Bb2
{[%clk 1:28:25]} Bd6 {[%clk 1:29:16]} 10. h3 {[%clk 1:28:10]} Bf5
{[%clk 1:21:54]} 11. Nh4 {[%clk 1:22:51]} O-O {[%clk 1:17:44]} 12. Nxf5
{[%clk 1:14:00]} exf5 {[%clk 1:18:12]} 13. Bf3 {[%clk 1:12:38]} b4
{[%clk 1:15:40]} 14. Ne2 {[%clk 1:09:12]} Ne4 {[%clk 1:11:17]} 15. a3
{[%clk 1:07:35]} bxa3 {[%clk 1:06:33]} 16. Bxa3 {[%clk 1:07:00]} Bxa3
{[%clk 1:06:36]} 17. Rxa3 {[%clk 1:07:11]} Qb6 {[%clk 1:04:10]} 18. Qc2
{[%clk 1:04:51]} Rfb8 {[%clk 0:58:46]} 19. Nf4 {[%clk 1:03:54]} Ndf6
{[%clk 0:58:17]} 20. Nd3 {[%clk 1:03:14]} g6 {[%clk 0:48:15]} 21. Rfa1
{[%clk 1:02:31]} Ra7 {[%clk 0:42:31]} 22. c5 {[%clk 1:00:34]} Qb5
{[%clk 0:39:10]} 23. Be2 {[%clk 0:59:59]} Qb7 {[%clk 0:37:32]} 24. Ne5
{[%clk 0:57:08]} Rba8 {[%clk 0:33:40]} 25. b4 {[%clk 0:52:29]} Nd7
{[%clk 0:21:26]} 26. Nxd7 {[%clk 0:49:28]} Qxd7 {[%clk 0:21:54]} 27. Rxa6
{[%clk 0:48:30]} Rxa6 {[%clk 0:21:46]} 28. Rxa6 {[%clk 0:47:57]} Rxa6
{[%clk 0:21:50]} 29. Bxa6 {[%clk 0:48:20]} Ng5 {[%clk 0:22:00]} 30. b5
{[%clk 0:42:46]} cxb5 {[%clk 0:21:31]} 31. Qb3 {[%clk 0:42:22]} Ne6
{[%clk 0:21:36]} 32. Bxb5 {[%clk 0:40:32]} Qd8 {[%clk 0:21:53]} 33. Bc6
{[%clk 0:38:23]} Nc7 {[%clk 0:22:14]} 34. Qb6 {[%clk 0:36:25]} Qe7
{[%clk 0:20:51]} 35. Qb7 {[%clk 0:33:07]} Qd8 {[%clk 0:21:09]} 36. Ba4
{[%clk 0:32:18]} Kf8 {[%clk 0:19:29]} 37. Bb3 {[%clk 0:31:32]} Kg7
{[%clk 0:18:52]} 38. Qb6 {[%clk 0:30:03]} Qe7 {[%clk 0:19:07]} 39. Qd6
{[%clk 0:29:37]} Kf8 {[%clk 0:18:40]} 40. Kf1 {[%clk 0:58:12]} Ke8
{[%clk 0:43:47]} 41. Ba4+ {[%clk 0:54:50]} Kf8 {[%clk 0:42:47]} 42. Bc6
{[%clk 0:54:38]} f6 {[%clk 0:41:01]} 43. Ke2 {[%clk 0:53:45]} Qxd6
{[%clk 0:39:15]} 44. cxd6 {[%clk 0:54:01]} Na6 {[%clk 0:38:29]} 45. Bxd5
{[%clk 0:53:55]} Nb8 {[%clk 0:37:20]} 46. Kd3 {[%clk 0:53:41]} 1-0

[Event "Moscow Open A,B"]
[Site "?"]
[Date "2017.01.29"]
[Round "2.17"]
[White "Kusenkova, Natallia"]
[Black "Bodnaruk, Anastasia"]
[Result "0-1"]
[BlackElo "2463"]
[WhiteElo "2156"]
[LiveChessVersion "1.4.8"]

1. d4 {[%clk 1:30:56]} Nf6 {[%clk 1:30:43]} 2. Nf3 {[%clk 1:31:07]} e6
{[%clk 1:31:00]} 3. g3 {[%clk 1:30:46]} b5 {[%clk 1:30:50]} 4. Bg2
{[%clk 1:29:54]} Bb7 {[%clk 1:31:02]} 5. O-O {[%clk 1:29:44]} c5 {[%clk 1:31:00]}
6. Na3 {[%clk 1:28:21]} b4 {[%clk 1:18:35]} 7. Nc4 {[%clk 1:27:56]} cxd4
{[%clk 1:15:21]} 8. Qxd4 {[%clk 1:18:52]} d5 {[%clk 1:13:12]} 9. Nce5
{[%clk 1:16:00]} Ne4 {[%clk 1:05:58]} 10. Nd2 {[%clk 0:44:40]} Nxd2
{[%clk 0:30:26]} 11. Bxd2 {[%clk 0:41:37]} f6 {[%clk 0:30:42]} 12. Nd3
{[%clk 0:39:42]} Nc6 {[%clk 0:30:31]} 13. Qh4 {[%clk 0:29:20]} f5
{[%clk 0:28:46]} 14. Bg5 {[%clk 0:24:22]} Be7 {[%clk 0:27:35]} 15. Bxe7
{[%clk 0:24:34]} Qxe7 {[%clk 0:28:00]} 16. Qh5+ {[%clk 0:22:36]} g6
{[%clk 0:22:12]} 17. Qh6 {[%clk 0:22:52]} Ba6 {[%clk 0:19:07]} 18. Rac1
{[%clk 0:19:37]} Rc8 {[%clk 0:18:07]} 19. c3 {[%clk 0:18:19]} Bxd3
{[%clk 0:14:29]} 20. exd3 {[%clk 0:18:42]} bxc3 {[%clk 0:14:20]} 21. bxc3
{[%clk 0:16:14]} Qf8 {[%clk 0:08:34]} 22. Qe3 {[%clk 0:14:40]} Qd6
{[%clk 0:09:02]} 23. c4 {[%clk 0:13:23]} d4 {[%clk 0:07:48]} 24. Qe2
{[%clk 0:12:54]} Kf7 {[%clk 0:07:20]} 25. Rb1 {[%clk 0:11:26]} Rc7
{[%clk 0:06:37]} 26. Rfe1 {[%clk 0:09:05]} Re8 {[%clk 0:06:11]} 27. f4
{[%clk 0:08:08]} Nb4 {[%clk 0:05:12]} 28. Qd2 {[%clk 0:06:40]} Na6
{[%clk 0:05:17]} 29. Re5 {[%clk 0:04:59]} Nc5 {[%clk 0:05:36]} 30. Rb5
{[%clk 0:03:48]} Nd7 {[%clk 0:03:16]} 31. Re1 {[%clk 0:03:55]} Rb8
{[%clk 0:01:50]} 32. Rxb8 {[%clk 0:03:01]} Nxb8 {[%clk 0:02:19]} 33. Qa5
{[%clk 0:02:40]} Nd7 {[%clk 0:02:27]} 34. Re2 {[%clk 0:01:05]} Nc5
{[%clk 0:02:33]} 35. Qa3 {[%clk 0:01:06]} a5 {[%clk 0:01:05]} 36. Re5
{[%clk 0:01:11]} Qb6 {[%clk 0:01:13]} 37. Re1 {[%clk 0:00:38]} Qb4
{[%clk 0:00:59]} 38. Qxb4 {[%clk 0:01:03]} axb4 {[%clk 0:01:29]} 39. Bf1
{[%clk 0:01:20]} Ra7 {[%clk 0:00:45]} 40. Re5 {[%clk 0:30:36]} Ra5
{[%clk 0:30:43]} 41. Re2 {[%clk 0:17:31]} Na4 {[%clk 0:19:58]} 42. Bg2
{[%clk 0:12:56]} Nc3 {[%clk 0:19:33]} 43. Rb2 {[%clk 0:12:58]} Nxa2
{[%clk 0:19:15]} 44. c5 {[%clk 0:13:12]} Ke7 {[%clk 0:18:39]} 45. Bf3
{[%clk 0:07:56]} Kd7 {[%clk 0:16:23]} 46. Kf1 {[%clk 0:06:22]} Ra3
{[%clk 0:14:25]} 47. Kg2 {[%clk 0:04:12]} b3 {[%clk 0:12:45]} 48. Bd1
{[%clk 0:03:42]} Nc1 {[%clk 0:13:09]} 49. Kf3 {[%clk 0:03:13]} Ra2
{[%clk 0:12:09]} 0-1

[Event "Moscow Open A,B"]
[Site "?"]
[Date "2017.01.29"]
[Round "2.19"]
[White "Gaboyan, Susanna"]
[Black "Kashlinskaya, Alina"]
[Result "0-1"]
[BlackElo "2418"]
[WhiteElo "2153"]
[LiveChessVersion "1.4.8"]

1. d4 {[%clk 1:30:58]} Nf6 {[%clk 1:30:53]} 2. c4 {[%clk 1:31:17]} e6
{[%clk 1:31:17]} 3. Nc3 {[%clk 1:31:37]} Bb4 {[%clk 1:31:25]} 4. f3
{[%clk 1:31:45]} c5 {[%clk 1:29:20]} 5. a3 {[%clk 1:32:04]} Ba5 {[%clk 1:26:47]}
6. dxc5 {[%clk 1:31:56]} Bxc3+ {[%clk 1:26:52]} 7. bxc3 {[%clk 1:32:16]} Qa5
{[%clk 1:24:46]} 8. Qd4 {[%clk 1:26:38]} Nc6 {[%clk 1:23:16]} 9. Qe3
{[%clk 1:26:56]} O-O {[%clk 1:20:56]} 10. g4 {[%clk 1:18:10]} b6 {[%clk 1:15:43]}
11. cxb6 {[%clk 1:17:08]} axb6 {[%clk 1:16:02]} 12. Rb1 {[%clk 1:15:16]} Ba6
{[%clk 1:14:03]} 13. g5 {[%clk 1:13:14]} Ne8 {[%clk 1:12:27]} 14. Qd2
{[%clk 1:00:00]} Bxc4 {[%clk 1:06:33]} 15. e4 {[%clk 0:56:40]} Bxf1
{[%clk 1:04:15]} 16. Kxf1 {[%clk 0:56:56]} Rd8 {[%clk 1:03:21]} 17. c4
{[%clk 0:46:08]} Qa6 {[%clk 0:56:58]} 18. Ne2 {[%clk 0:39:51]} Qxc4
{[%clk 0:55:31]} 19. Rxb6 {[%clk 0:30:03]} f5 {[%clk 0:55:18]} 20. gxf6
{[%clk 0:27:24]} Nxf6 {[%clk 0:54:20]} 21. Qc3 {[%clk 0:24:48]} Qxc3
{[%clk 0:47:40]} 22. Nxc3 {[%clk 0:25:02]} Rc8 {[%clk 0:48:05]} 23. Bd2
{[%clk 0:19:17]} Ne5 {[%clk 0:47:27]} 24. Ke2 {[%clk 0:16:06]} Nxf3
{[%clk 0:47:24]} 25. a4 {[%clk 0:13:49]} Ng4 {[%clk 0:46:42]} 26. h3
{[%clk 0:13:21]} Nd4+ {[%clk 0:44:40]} 27. Kd3 {[%clk 0:13:08]} Rf3+
{[%clk 0:44:06]} 0-1

[Event "Moscow Open A,B"]
[Site "?"]
[Date "2017.01.29"]
[Round "2.20"]
[White "Sukhareva, Evgeniya"]
[Black "Shuvalova, Polina"]
[Result "0-1"]
[BlackElo "2387"]
[WhiteElo "2151"]
[LiveChessVersion "1.4.8"]

1. d4 Nf6 2. c4 g6 3. Nc3 d5 4. cxd5 Nxd5 5. e4 Nxc3 6. bxc3 Bg7 7. Nf3 c5 8. Rb1
O-O 9. Be2 Nc6 10. d5 Ne5 11. Nxe5 Bxe5 12. Qc2 e6 13. c4 Re8 14. O-O Qd6 15. h3
f5 16. exf5 exf5 17. Bb2 b6 18. Rfe1 Bd7 19. Bf3 Bxb2 20. Qxb2 Kf7 21. Re6 Bxe6
22. dxe6+ Kxe6 23. Bxa8 Rxa8 24. Qg7 Qd2 25. Qxh7 Kf6 26. Qh4+ Kf7 27. Rb3 Re8
28. Qh7+ Kf6 29. Rg3 Re1+ 30. Kh2 Qxf2 31. Qxg6+ Ke5 32. Qg7+ Ke4 33. Qb7+ Ke5
34. Qd5+ Kf6 35. Qd6+ Re6 36. Qf8+ Ke5 37. Rf3 Qe2 38. Rxf5+ Kd4 39. Rf4+ Kc3 40.
Qg7+ Kb4 41. Qxa7 Qe5 42. Qf7 Rd6 43. Kh1 Rd1+ 44. Rf1 Qe2 45. Rxd1 Qxd1+ 46. Kh2
Qd6+ 47. Kg1 Qd4+ 48. Qf2 Qxc4 49. Qb2+ Ka4 50. Qxb6 Qc1+ 51. Kf2 Qf4+ 52. Ke2
Qe4+ 53. Kd1 Qd3+ 54. Ke1 Qe3+ 55. Kf1 Qd3+ 56. Ke1 c4 57. Qb2 Qe3+ 58. Kf1 c3
59. Qc2+ Kb4 60. Qb3+ Kc5 61. Qc2 Kd4 62. Qa4+ Kd3 63. Qd1+ Qd2 64. Qf3+ Kc2 65.
Qf7 Kd1 66. Qf3+ Kc1 67. Qf6 Kb1 68. h4 Qd3+ 69. Kf2 c2 70. Qb6+ Ka1 71. Qf6+
Kxa2 72. Qe6+ Qb3 73. Qa6+ Kb1 74. Qg6 Kb2 75. Qf6+ Qc3 76. Qb6+ Ka2 77. Qa6+ Kb1
78. Qb5+ Qb2 79. Qd3 Qb6+ 80. Kg3 Kb2 81. Qd2 Qb3+ 82. Kg4 Kb1 83. Qe1+ c1=Q 84.
Qe4+ 0-1

[Event "Moscow Open A,B"]
[Site "?"]
[Date "2017.01.30"]
[Round "3.16"]
[White "Khlichkova, Tatiana"]
[Black "Goryachkina, Aleksandra"]
[Result "0-1"]
[BlackElo "2466"]
[WhiteElo "2260"]
[LiveChessVersion "1.4.8"]

1. d4 {[%clk 1:30:57]} e6 {[%clk 1:30:30]} 2. c4 {[%clk 1:30:42]} Nf6
{[%clk 1:30:42]} 3. g3 {[%clk 1:31:02]} d5 {[%clk 1:29:29]} 4. Nf3
{[%clk 1:31:24]} dxc4 {[%clk 1:27:27]} 5. Bg2 {[%clk 1:30:11]} a6
{[%clk 1:24:01]} 6. O-O {[%clk 1:28:40]} Nc6 {[%clk 1:23:30]} 7. e3
{[%clk 1:28:50]} Bd7 {[%clk 1:18:57]} 8. Qe2 {[%clk 1:27:36]} b5 {[%clk 1:11:05]}
9. b3 {[%clk 1:25:19]} cxb3 {[%clk 1:09:50]} 10. axb3 {[%clk 1:25:45]} Be7
{[%clk 1:08:57]} 11. Ne5 {[%clk 1:23:01]} Nd5 {[%clk 1:06:13]} 12. Nd3
{[%clk 1:22:38]} O-O {[%clk 1:04:47]} 13. Bb2 {[%clk 1:21:22]} Ncb4
{[%clk 1:01:21]} 14. Nc5 {[%clk 1:06:28]} Bxc5 {[%clk 0:53:29]} 15. dxc5
{[%clk 1:06:52]} Qe7 {[%clk 0:52:39]} 16. Rc1 {[%clk 0:53:17]} Rfd8
{[%clk 0:50:43]} 17. e4 {[%clk 0:28:28]} Nf6 {[%clk 0:48:49]} 18. Ba3
{[%clk 0:18:18]} Nc6 {[%clk 0:47:28]} 19. e5 {[%clk 0:11:26]} Nd5
{[%clk 0:47:21]} 20. Bb2 {[%clk 0:10:46]} Be8 {[%clk 0:39:07]} 21. Nd2
{[%clk 0:10:49]} Ndb4 {[%clk 0:31:55]} 22. Be4 {[%clk 0:11:13]} Rab8
{[%clk 0:29:16]} 23. Nf3 {[%clk 0:11:12]} a5 {[%clk 0:26:57]} 24. h4
{[%clk 0:11:01]} h6 {[%clk 0:25:17]} 25. Bb1 {[%clk 0:07:01]} Rd5
{[%clk 0:14:36]} 26. Qe4 {[%clk 0:05:37]} f5 {[%clk 0:09:35]} 27. exf6
{[%clk 0:05:31]} gxf6 {[%clk 0:10:00]} 28. Qg4+ {[%clk 0:04:17]} Kf8
{[%clk 0:09:49]} 29. Qf4 {[%clk 0:03:44]} e5 {[%clk 0:09:46]} 30. Qxh6+
{[%clk 0:03:07]} Qg7 {[%clk 0:09:45]} 31. Qxg7+ {[%clk 0:01:50]} Kxg7
{[%clk 0:10:13]} 32. Be4 {[%clk 0:02:04]} Rdd8 {[%clk 0:10:27]} 33. Ne1
{[%clk 0:00:53]} Bf7 {[%clk 0:08:54]} 34. Nc2 {[%clk 0:00:58]} Nxc2
{[%clk 0:02:13]} 35. Bxc2 {[%clk 0:01:08]} Nb4 {[%clk 0:01:33]} 36. Rxa5
{[%clk 0:00:50]} Nxc2 {[%clk 0:01:43]} 37. Rxc2 {[%clk 0:01:16]} Rd1+
{[%clk 0:02:02]} 38. Kh2 {[%clk 0:01:06]} Bxb3 {[%clk 0:01:39]} 39. Rc3
{[%clk 0:00:52]} Bd5 {[%clk 0:01:41]} 40. Ra1 {[%clk 0:30:39]} Rd2
{[%clk 0:31:16]} 41. Bc1 {[%clk 0:29:55]} Rxf2+ {[%clk 0:30:45]} 42. Kg1
{[%clk 0:30:22]} Rg2+ {[%clk 0:26:58]} 43. Kf1 {[%clk 0:30:48]} Rh2
{[%clk 0:25:49]} 44. Ra7 {[%clk 0:28:37]} b4 {[%clk 0:20:42]} 45. Rxc7+
{[%clk 0:28:55]} Kg6 {[%clk 0:17:14]} 46. Rd3 {[%clk 0:27:38]} Bc4
{[%clk 0:16:33]} 47. Kg1 {[%clk 0:27:36]} Rc2 {[%clk 0:16:11]} 48. Rd1
{[%clk 0:26:10]} Be2 {[%clk 0:15:52]} 49. Re1 {[%clk 0:18:46]} b3
{[%clk 0:15:13]} 50. Ba3 {[%clk 0:19:11]} b2 {[%clk 0:14:38]} 51. Rb1
{[%clk 0:19:14]} Rb3 {[%clk 0:13:41]} 52. Ra7 {[%clk 0:18:55]} Rxa3
{[%clk 0:13:20]} 53. Rxa3 {[%clk 0:19:05]} Rc1+ {[%clk 0:13:43]} 54. Kf2
{[%clk 0:19:31]} Rxb1 {[%clk 0:14:02]} 0-1